Kadra Portugalii Na Euro 2020 - Statystyki

Ogólne statystyki
  • Ten quiz został rozwiązany 97 razy
  • Średni wynik to 15 z 26
Statystyki odpowiedzi
Hint Odpowiedź % Poprawnych
Napastnik Ronaldo
99%
Bramkarz Patricio
91%
Obrońca Pepe
81%
Bramkarz Silva
81%
Pomocnik Silva
81%
Napastnik Silva
81%
Napastnik Silva
81%
Obrońca Dias
77%
Pomocnik Fernandes
77%
Obrońca Cancelo
72%
Pomocnik Sanches
63%
Napastnik Felix
59%
Obrońca Guerreiro
57%
Pomocnik Moutinho
57%
Pomocnik Carvalho
52%
Napastnik Jota
52%
Obrońca Fonte
48%
Bramkarz Lopes
46%
Obrońca Semedo
46%
Pomocnik Neves
43%
Pomocnik Danilo
38%
Pomocnik Guedes
24%
Obrońca Mendes
24%
Pomocnik Palhinha
18%
Pomocnik Oliveira
14%
Pomocnik Pote
0%
Nie znaleziono quizów pasujących do podanych kryteriów
Rozkład punktacji
Procent ludzi z każdym wynikiem
Percentyl według liczby udzielonych odpowiedzi
Twoja historia wyników
Nie rozwiązałeś tego quizu